Paris romantique (Record no. 166662)
[ view plain ]
| 000 -LEADER | |
|---|---|
| campo de control de longitud fija | 00870nam a2200217 i 4500 |
| 001 - NÚMERO DE CONTROL | |
| campo de control | 166662 |
| 003 - IDENTIFICADOR DE NÚMERO DE CONTROL | |
| campo de control | ES-MaACL |
| 005 - FECHA Y HORA DE LA ÚLTIMA TRANSACCIÓN | |
| campo de control | 20250817034232.0 |
| 008 - DATOS DE LONGITUD FIJA--INFORMACIÓN GENERAL | |
| campo de control de longitud fija | 050919q1911 fr a |||| | fre d |
| 100 1# - ENTRADA PRINCIPAL--NOMBRE DE PERSONA | |
| Nombre de persona | Trollope, Frances Milton ( |
| Fechas asociadas al nombre | 1780-1863) |
| 9 (RLIN) | 170544 |
| 245 10 - MENCIÓN DEL TÍTULO | |
| Título | Paris romantique |
| Resto del título | : voyage en France de Mrs. Trollope (avril-juin 1835) / |
| Mención de responsabilidad, etc. | traduit et publié par Jacques Boulenger. |
| 260 ## - PUBLICACIÓN, DISTRIBUCIÓN, ETC. | |
| Lugar de publicación, distribución, etc. | Paris : |
| Nombre del editor, distribuidor, etc. | Arthème Fayard, |
| Fecha de publicación, distribución, etc. | [1911] |
| 300 ## - DESCRIPCIÓN FÍSICA | |
| Extensión | 142 p. : |
| Otras características físicas | il. ; |
| Dimensiones | 24 cm. |
| 490 1# - MENCIÓN DE SERIE | |
| Mención de serie | Mémoires et souvenirs / publiés sous la direction de F. Funck-Brentano |
| 651 #4 - PUNTO DE ACCESO ADICIONAL DE MATERIA--NOMBRE GEOGRÁFICO | |
| Nombre geográfico | París- |
| Subdivisión general | Descripción. |
| 9 (RLIN) | 9207 |
| 700 1# - ENTRADA AGREGADA--NOMBRE PERSONAL | |
| Nombre de persona | Boulenger, Jacques. |
| 9 (RLIN) | 30912 |
| 700 1# - ENTRADA AGREGADA--NOMBRE PERSONAL | |
| Nombre de persona | Funck-Brentano, Frantz ( |
| Fechas asociadas al nombre | 1862-1947) |
| 9 (RLIN) | 53022 |
| 830 00 - PUNTO DE ACCESO ADICIONAL DE SERIE-TÍTULO UNIFORME | |
| Título uniforme | Mémoires et souvenirs |
| 9 (RLIN) | 183261 |
| 852 ## - LOCALIZACIÓN | |
| Ubicación | ES-MaACL |
| Número de control de estantería | C-1110 |
| Nota libre | - Enc. ed. en tela, conservando cub. original |
| Estatus retirado | Estado de pérdida | Estado de daño | No para préstamo | Biblioteca de origen | Biblioteca actual | Ubicación en estantería | Fecha de adquisición | Fuente de adquisición | Total de préstamos | Signatura topográfica completa | Código de barras | Visto por última vez | Precio de reemplazo | Tipo de ítem Koha |
|---|---|---|---|---|---|---|---|---|---|---|---|---|---|---|
| Biblioteca del Ateneo de Madrid | Biblioteca del Ateneo de Madrid | Sala Palomar | 17/01/2008 | C-1110 | 1174795 | 23/02/2023 | 23/02/2023 | Libro impreso |
